000 00316nam a22001337a 4500
008 181217b xxu||||| |||| 00| 0 eng d
020 _a9780397516902
041 _aeng
080 _23 TH
_a610.073
100 _a2
101 _aINF
245 _aDisorders Of Thrombosis Hemostasis
_cBick.R.L
942 _2udc
_cBK
999 _c53209
_d53209